|
|
|
|
| LEADER |
00000nab a2200000 a 4500 |
| 001 |
vtls010679745 |
| 003 |
SK-MaSNL |
| 005 |
20260303090119.0 |
| 008 |
150518|20150516xo dr | 000 0|slo |
| 015 |
|
|
|a SNBRB2015/05
|
| 038 |
|
|
|a DSZK
|
| 040 |
|
|
|a DSZK
|b slo
|c DSZK
|e AACR2
|
| 041 |
0 |
|
|a slo
|
| 044 |
|
|
|a xo
|c SK
|
| 080 |
|
|
|a 796.332.071.2
|x (437.612)
|2 2001
|
| 100 |
1 |
|
|a Lauko, Ondrej
|4 ivr
|4 aut
|9 409237
|
| 245 |
1 |
0 |
|a Rozhodla najväčšia chyba
|c Ondrej Lauko, Ákos Szarka
|
| 300 |
|
|
|b Fotogr.
|
| 600 |
1 |
7 |
|a Szarka, Ákos,
|d 1990-
|2 dszk
|9 1086450
|
| 610 |
2 |
7 |
|a FK DAC 1904 Dunajská Streda
|2 dszk
|9 117991
|
| 650 |
0 |
7 |
|a futbalisti
|2 SNKPH
|9 43771
|
| 651 |
|
7 |
|a Dunajská Streda (Slovensko)
|2 SNKPHgeo
|9 17375
|
| 700 |
1 |
|
|a Szarka, Ákos,
|d 1990-
|4 ive
|4 aut
|9 1086450
|
| 773 |
0 |
|
|t Šport
|g Roč. 69, č. 111 (16.5.2015), s. 13
|x 0139-7001
|
| 852 |
|
|
|a DSZK
|b KIS3GCP
|
| 958 |
|
|
|a SK
|
| 999 |
|
|
|c 1801953
|d 1803883
|